MDQL
is popping MORE tags! Check the
thread
!
Quizzes
Events
Quiz Creation
Community
Videos
Private Events
Remove Ads
Sign In
Join for FREE
Feedback
Dark Mode
Quiz Categories
Sports
Geography
Music
Movies
Television
Just For Fun
Miscellaneous
History
Literature
Language
Science
Gaming
Entertainment
Religion
Holiday
For Kids
Quiz Lab
Recent
Popular Today
Quiz Kudos Today
Editor Picks
Curator Picks
Quizzes by...
Day
Popularity
Type
Ratings
Length
Year
Community
Subscriptions
Recent Discussions
Orange Saloon
Badges
Playlists
Quests
Create
Leaderboards
Showdown
Live 5
Trivia Bingo
Activity
Puzzle Library
Sporcle Events
Private Events
Virtual Trivia
Globe League
Become a Host
Pub Owners
SporcleCon
Opinionation
Our Games
Videos
Blog
Mobile Apps
Partnerships
Remove Ads and Go Orange
Feedback
Television
TV Characters
TV Show
Sitcom
Network
Friends
Reality Shows
Cast
South Park
Star Trek
The Simpsons
Doctor Who
Television
TV Characters
TV Show
Sitcom
Network
Friends
Reality Shows
Cast
South Park
Star Trek
The Simpsons
Doctor Who
Random Quiz
Search Sporcle
×
Quiz Lab
Quiz Lab
Television
episode
Type in answers that appear in a list
Type in answers that appear in a list
Classic
Best Score? Go Orange.
On The Buses Episodes Stats
Can you name the On The Buses Episodes?
By
ElRelaxo
15m
74 Questions
998 Plays
998 Plays
998 Plays
Comments
Comments
Give Quiz Kudos
Give Quiz Kudos
-
- Ratings
hide this ad
Replay
Link that replays current quiz
Next Quiz
Link to next quiz in quiz playlist
You Got
0%
They Got
Avg Score
67%
Avg Friend Score
Upgrade to see
Score Distribution
Jump to the score distribution portion of the page
Score
0/74
Timer
15:00
0
Plays Today
Series
Episode
% Correct
Series 1
The Canteen
80.7%
Series 1
The Early Shift
79.5%
Series 2
Family Flu
76.5%
Series 3
Foggy Night
76.3%
Series 1
The Darts Match
76.1%
Series 2
Aunt Maud
75.4%
Series 1
Olive Takes a Trip
75.3%
Series 7
Olive's Divorce
74.3%
Series 3
The Cistern
74%
Series 7
Goodbye Stan
74%
Series 7
Gardening Time
73.7%
Series 3
Mum's Last Fling
73.6%
Series 1
The New Inspector
73.5%
Series 7
The Football Match
73.5%
Series 3
First Aid
73%
Series 4
The Lodger
71.9%
Series 3
Brew it Yourself
71.8%
Series 4
The 'L' Bus
71.7%
Series 4
Christmas Duty
71.3%
Series 5
The Nursery
70.3%
Series 7
Hot Water
70.3%
Series 3
The Snake
69.9%
Series 1
The New Conductor
69.7%
Series 1
Bus Driver's Stomach
69.6%
Series 4
The Kids' Outing
69.6%
Series 7
On The Omnibuses
69.4%
Series 7
The Ticket Machine
68.6%
Series 3
The Inspector's Niece
68.5%
Series 6
Bye Bye Blakey
68.1%
Series 3
The New Uniforms
67.9%
Series 3
Radio Control
67.6%
Series 5
The New Nurse
67.4%
Series 2
Bon Voyage
67.3%
Series 6
No Smoke Without Fire
67.3%
Series 5
Stan's Room
67.1%
Series 7
The Visit
67%
Series 5
The Inspector's Pets
66.9%
Series
Episode
% Correct
Series 5
Boxing Day Social
66.9%
Series 5
The Epidemic
66.6%
Series 5
Canteen Trouble
66.4%
Series 6
The Prize
66.4%
Series 7
The Perfect Clippie
66.4%
Series 7
Friends in High Places
66.3%
Series 4
The Anniversary
66.1%
Series 5
The Busmen's Ball
66.1%
Series 2
Self Defence
66%
Series 4
Nowhere To Go
65.9%
Series 6
Stan's Worst Day
65.6%
Series 7
The Poster
65.5%
Series 5
Vacancy For Inspector
65.4%
Series 3
The Squeeze
65.2%
Series 4
The Canteen Girl
65.2%
Series 3
Busmen's Perks
65.1%
Series 5
The New Telly
65%
Series 6
Union Trouble
64.8%
Series 7
What The Stars Foretell
64.5%
Series 4
Not Tonight
64.4%
Series 5
The Best Man
64.4%
Series 4
The Other Woman
64.3%
Series 4
The Injury
64.1%
Series 6
Love is What You Make It
64%
Series 2
The Used Combination
63.9%
Series 3
On The Make
63.7%
Series 4
Cover Up
63.7%
Series 7
The Allowance
63.7%
Series 2
Late Again
63.5%
Series 5
Stan's Uniform
63.2%
Series 3
Going Steady
63.1%
Series 5
The Strain
62.9%
Series 4
Dangerous Driving
62.8%
Series 5
Lost Property
60.6%
Series 5
A Thin Time
60.3%
Series 4
Safety First
59.8%
Series 6
Private Hire
58.9%
Quiz Playlist
Details
Report
Send in Message
Add To Playlist
Classic:
Type in answers that appear in a list
Last Updated: Feb 16, 2017
Quiz Scoreboard
CHALLENGE
Sign Up to Join the Scoreboard
Show All
Scores
Hide
Comments
May contain spoilers
Recently Published
Image Sorting: Flags VI
by Barbecue
Geography
2m
Find the 'City' Movie
by crazypaving
Movies
60s
Colored Red Africa Blitz
by spor1
Geography
45s
More to Explore
Quiz From the Vault
Featured Blog Post
14 Easter Pick-up Lines to Find Eggs With
hide this ad
You Might Also Like...
Tags
episode
Today's Top Quizzes in Television
Browse Television
hide this ad
Today's Top Quizzes in episode
Browse episode
Top Contributed Quizzes in Television
1
Survivor Journey Challenge
2
Brooklyn Nine Nine Logic Puzzle (How-To-Play)
3
Total Drama Characters
4
Adjectives in 00s TV Shows
5
Phoebe Buffay Quotes
6
Survivor Heroes vs. Villains Logic Puzzle
7
Survivor Trivia
8
Emmerdale Characters (from August 2012)
9
Game of Thrones: Tywin Lannister Start to Finish
10
Survivor Logic Puzzle: Heroes vs. Villains
Explore More
Trending Topics
Kpop
Disney
Marvel
Crossword
Anime
NBA
Harry Potter
Puzzle
The Office
Pokémon
Song
Soccer
Country
WWE
NFL
hide this ad
More By:
ElRelaxo
Quiz
Plays
Rating
Category
Featured
Created
Kate Bush Album Tracks
2,964
4.82
Music
Mar 4, 2010
Top Welsh Rugby Try Scorers
1,543
Sports
Mar 5, 2010
F1 Opening Grand Prix Winners
1,211
5.00
Sports
Mar 9, 2010
On The Buses Episodes
998
Television
Mar 9, 2010
Welsh Rugby Grand Slam Winners
692
Sports
Mar 19, 2012
Go to Creator's Profile
Score Distribution
Quiz Creator Spotlight
ElRelaxo
Follow
Send a Message
Quizzes Created
-
Created Quiz Play Count
-
More By This Creator
Popular Quizzes Today
1
Colored Red Africa Blitz
2
Find the US States - No Outlines Minefield
3
Find the 'City' Movie
4
5x2 Blitz: Bands
5
The Countries of the World
6
Find the US States
7
Find the Countries of Europe - No Outlines Minefield
8
US States
More Television Quizzes
Acrostic Outlander
Quiz Lab
Trending Quizzes
Colored Red Europe Blitz I
Colored Red Europe Blitz II
Colored Red Africa Blitz II
Colored Red Europe Blitz III
Colored Red Africa Blitz III
Recently Updated
How Do You Spell That?
pecheneg
Godzilla Movies
pecheneg
Grab Bag: 4-10 Letters
pecheneg
2024 March Madness Bracket
pecheneg
Famous TV Couples
Peacemaker
Champions League XIs: Real Madrid
pecheneg
Largest US Cities 1790-2010
pecheneg
Rides in Walt Disney World
pecheneg
Most Oscar Losses (Acting)
pecheneg
Beyoncé Albums
pecheneg
Trending Topics
Crossword
Marvel
Disney
NBA
Harry Potter
Anime
Kpop
WWE
The Office
Pokémon
Soccer
Country
Puzzle
Song
NFL
Your Account Isn't Verified!
In order to create a playlist on Sporcle, you need to verify the email address you used during registration. Go to your
Sporcle Settings
to finish the process.
Report this User
Report this user for behavior that violates our
Community Guidelines
.
Details:
Send Report
Go to the Sporcle.com Mobile Site →
Comments